Managing your hard disk / (Record no. 541617)
[ view plain ]
| 000 -LEADER | |
|---|---|
| fixed length control field | 00690nam a2200205 a 4500 |
| 020 ## - INTERNATIONAL STANDARD BOOK NUMBER | |
| International Standard Book Number | 0880223480 : |
| 082 00 - DEWEY DECIMAL CLASSIFICATION NUMBER | |
| Classification number | 004.56 |
| Author Mark | BER |
| -- | Donation |
| 100 1# - MAIN ENTRY--PERSONAL NAME | |
| Personal name | Berliner, Don, |
| 9 (RLIN) | 36597 |
| 245 10 - TITLE STATEMENT | |
| Title | Managing your hard disk / |
| Statement of responsibility, etc. | Don Berliner with Chris DeVoney ; revised by Francis X. Bolton. |
| 250 ## - EDITION STATEMENT | |
| Edition statement | 2nd ed. |
| 260 ## - PUBLICATION, DISTRIBUTION, ETC. | |
| Place of publication, distribution, etc. | Carmel, Ind. : |
| Name of publisher, distributor, etc. | Que Corp., |
| Date of publication, distribution, etc. | c1988. |
| 300 ## - PHYSICAL DESCRIPTION | |
| Extent | xxiv, 601 p. : |
| Other physical details | ill. ; |
| Dimensions | 24 cm. |
| 500 ## - GENERAL NOTE | |
| General note | Includes index. |
| 526 ## - STUDY PROGRAM INFORMATION NOTE | |
| Program name | 0 |
| Interest level | 0 |
| Reading level | 0 |
| Title point value | 004_560000000000000_BER |
| 650 #0 - SUBJECT ADDED ENTRY--TOPICAL TERM | |
| Topical term or geographic name entry element | File organization (Computer science) |
| 9 (RLIN) | 36598 |
| 650 #0 - SUBJECT ADDED ENTRY--TOPICAL TERM | |
| Topical term or geographic name entry element | Hard disks (Computer science) |
| 9 (RLIN) | 36599 |
| 700 1# - ADDED ENTRY--PERSONAL NAME | |
| Personal name | Bolton, Francis X. |
| 9 (RLIN) | 36600 |
| 700 1# - ADDED ENTRY--PERSONAL NAME | |
| Personal name | DeVoney, Chris. |
| 9 (RLIN) | 36601 |
| 942 ## - ADDED ENTRY ELEMENTS (KOHA) | |
| Source of classification or shelving scheme | |
| Koha item type | Book |
| Withdrawn status | Lost status | Source of classification or shelving scheme | Damaged status | Not for loan | Permanent Location | Current Location | Date acquired | Total Checkouts | Full call number | Barcode | Date last seen | Price effective from | Koha item type |
|---|---|---|---|---|---|---|---|---|---|---|---|---|---|
| Military College of Engineering (MCE) | Military College of Engineering (MCE) | 08/19/2013 | 004.56 BER | MCE-34653 | 08/19/2013 | 08/19/2013 | Book |
